Mladá Rómka bude súťažiť v Prahe

Bibliographic Details
Format: Article
Language:Slovak
PhysicalDescription:Fotogr.
ISSN:1210-2423
Subjects:

MARC

LEADER 00000nab a2200000 ar4500
001 vtls010344586
003 SK-MaSNL
005 20260303093331.0
008 120228c2011 xo wr|p|||||||000 b|slo
038 |a PPPK 
040 |a PPPKCL  |b slo  |c PPPKCL  |e AACR2 
041 0 |a slo 
044 |a xo  |c SK 
080 |a 646.7  |2 2001 
080 |a 687.53  |2 2001 
245 0 0 |a Mladá Rómka bude súťažiť v Prahe  |c [text a foto] (vmi) 
300 |b Fotogr. 
600 1 7 |a Horváthová, Klaudia  |2 pppkcl  |9 1104159 
610 2 7 |a Stredná odborná škola, Garbiarska 1 (Kežmarok, Slovensko)  |2 pppkcl  |9 165475 
611 2 7 |a Caliber cup  |g súťaž  |d (2012 :  |c Lanškroun, Česko)  |2 pppkcl  |9 1104161 
650 0 7 |a kozmetika  |2 pppkcl  |9 17020 
650 0 7 |a kaderníctvo  |2 pppkcl  |9 29738 
650 0 7 |a medzinárodné súťaže  |2 pppkcl  |9 71259 
651 7 |a Kežmarok (Slovensko)  |2 pppkcl  |9 26808 
651 7 |a Lanškroun (Česko)  |2 pppkcl  |9 28674 
773 0 |t Podtatranské noviny  |g Roč. LIII, č. 8 (2012), s. 5  |x 1210-2423 
852 |a PPPK  |b KIS3GCP 
999 |c 1815103  |d 1817033